| 000 | 01187nam a22002777a 4500 | ||
|---|---|---|---|
| 999 |
_c918 _d918 |
||
| 001 | 003127 | ||
| 003 | CoMeUDC003127 | ||
| 005 | 20190121213801.0 | ||
| 008 | 130821s2009 ck a gr spa | ||
| 020 | _a9789586523561 | ||
| 040 |
_aCo-BoUCM _bspa _cCoMeUDC |
||
| 041 | 0 | 0 | _aspa |
| 082 | 0 | 4 |
_a379.861 _220 _bM516L |
| 100 | 1 | _aMejía Gutiérrez, Jaime | |
| 245 | 1 | 3 |
_aLa universidad en los procesos de construcción de nación y en la educación en asuntos públicos / _cJaime Mejía Gutiérrez ; coordinadora editorial Norma Constanza Calle Pinzón. |
| 260 |
_aBogotá (Colombia) : _bEsap , _c2009 . |
||
| 300 |
_a160 páginas ; _bilustraciones, gráficas ; |
||
| 504 | _aIncluye referencias bibliográficas. | ||
| 650 | 0 | 4 |
_aEducación superior _9177 |
| 650 | 0 | 4 |
_aEducación superior _xHistoria _zColombia _9177 |
| 650 | 0 | 4 |
_aEducación superior _xPolítica y gobierno _9177 |
| 650 | 0 | 4 |
_aUniversidades _xAspectos políticos _98214 |
| 700 | 1 |
_aCalle Pinzón, Norma Constanza _ecoord. |
|
| 710 | 1 |
_aEscuela Superior de Administración Pública. _bFacultad de Investigaciones. _bGrupo de Investigación Vendimia-UCTC-ESAP |
|
| 942 |
_cBK _a16 _e1 _mM516u _2ddc _h378.006 |
||